00882 2200313 4500001002100000005001500021035002000036007000300056040001700059100003000076245008000106250001300186300003500199504002800234020001800262041000800280082001000288084001600298090002100314264004000335336002100375337003000396338002300426500003300449650001700482850001000499008004100509990001800550INLIS00000000000549020260513081500 a0010-0222000580ta aSBPUPADbIND0 aVeithzal RivaiePengarang1 aIslamic Leadership :bMembangun superleadership melalui kecerdasan spritual a.--cet.1 axx, 664 hlm :billus. ;c23 cm abibliografi,hlm 649-658 a979-010-641-60 aind a297.6 a297.6 VEI i a297.6 VEI i 2 19 a.--jakarta :bPT Bumi Aksara,c2009 2rdacontentaTeks 2rdamediaaTanpa Perantara 2rdacarrieraVolume aprofile penulis, hlm 659-661 4aKepemimpinan aPUPAD260513 0  a14129/BR/2014